Tenisový klub s reštauráciou - Pri Habánskom mlyne, Bratislava

Na minha lista:
Detalhes bibliográficos
Autor principal: Kvietková, Ivana, 1986- (Author)
Outros Autores: Vojteková, Eva, 1959- (Thesis advisor)
Formato: Manuscrito Livro
Idioma:eslovaco
Publicado em: Bratislava : STU v Bratislave FA, 2010
Assuntos:
Acesso em linha:VAIS
Tags: Adicionar Tag
Sem tags, seja o primeiro a adicionar uma tag!

MARC

LEADER 00000ntm a22000003a 4500
001 stu219107
005 20210729065726.8
008 101209s2010----xo------------------slo-d
040 |a STU  |b slo 
041 0 |a slo 
044 |a xo 
100 1 |a Kvietková, Ivana,  |d 1986-  |4 aut  |u A  |T FAD Fakulta architektúry  |X 39954  |U A  |Y 50  |7 A000039954 
242 0 0 |a Tennis club and restaurant,Pri Habánskom Mlyne,Bratislava  |y eng 
245 1 |a Tenisový klub s reštauráciou - Pri Habánskom mlyne, Bratislava 
260 |a Bratislava :  |b STU v Bratislave FA,  |c 2010 
650 7 |a architektúra a urbanizmus  |2 stusub 
650 7 |a Architecture and Urban Design  |2 estusub 
650 7 |a tenis  |2 stusub 
650 7 |a dynamika  |2 stusub 
650 7 |a dynamics  |2 estusub 
650 7 |a reštaurácia  |2 stusub 
700 1 |a Vojteková, Eva,  |d 1959-  |4 ths  |u A4140  |U FAD Fakulta architektúry  |U FAD Fakulta architektúry  |T FA Ústav konštrukcií v architektúre a inžinierskych stavieb  |X 333  |U A4140  |Y 395  |7 A000000333 
856 4 |a info a plný text  |u http://is.stuba.sk/zp/portal_zp.pl?podrobnosti=4052  |u https://opac.crzp.sk/?fn=detailBiblioForm&sid=4156E77560192824B4631696D6BB  |3 VAIS